[Event "FRA-chT2 Nord 0708"]
[Site "France"]
[Date "2008.04.06"]
[Round "11.6"]
[White "Sion, Philippe"]
[Black "Cheron, Stephane"]
[Result "1/2-1/2"]
[WhiteElo "1992"]
[BlackElo "1991"]
[PlyCount "52"]
[EventDate "2007.10.21"]
[EventType "team"]
[EventRounds "11"]
[EventCountry "FRA"]
[SourceTitle "EXT 2009"]
[Source "ChessBase"]
[SourceDate "2008.11.26"]
[SourceVersion "1"]
[SourceVersionDate "2008.11.26"]
[SourceQuality "1"]
[WhiteTeam "Henin Beaumont"]
[BlackTeam "Arcueil"]
[WhiteTeamCountry "FRA"]
[BlackTeamCountry "FRA"]

1. c4 e6 2. e4 c5 3. Nc3 Nc6 4. g3 g6 5. Bg2 Bg7 6. Nge2 Nf6 7. 0-0 d6 8. d3 a6 9. f4 h5 10. h3 Bd7 11. Be3 Qc8 12. e5 dxe5 13. fxe5 Nxe5 14. Bg5 Nh7 15. Ne4 Qc7 16. Be3 Bc6 17. Qb3 0-0 18. Rad1 Nd7 19. d4 cxd4 20. Bxd4 Bxd4+ 21. Rxd4 Bxe4 22. Bxe4 Nc5 23. Qe3 Nxe4 24. Rxe4 Rac8 25. Kh2 Qc5 26. Qf4 Qg5 1/2-1/2

[Event "FRA-chT2 North 0607"]
[Site "France"]
[Date "2007.01.20"]
[Round "5.7"]
[White "Fortuit, Emilie"]
[Black "Sion, Philippe"]
[Result "0-1"]
[WhiteElo "1933"]
[BlackElo "1992"]
[PlyCount "80"]
[EventDate "2006.10.15"]
[EventType "team"]
[EventRounds "11"]
[EventCountry "FRA"]
[SourceTitle "EXT 2008"]
[Source "ChessBase"]
[SourceDate "2007.11.25"]
[SourceVersion "1"]
[SourceVersionDate "2007.11.25"]
[SourceQuality "1"]
[WhiteTeam "Evry Grand Roque III"]
[BlackTeam "Henin Beaumont"]
[WhiteTeamCountry "FRA"]
[BlackTeamCountry "FRA"]

1. b3 d6 2. Bb2 c5 3. c4 Nc6 4. Nf3 e5 5. Nc3 f5 6. d3 Nf6 7. e3 g6 8. Be2 Bg7 9. 0-0 0-0 10. Rb1 h6 11. d4 e4 12. Ne1 cxd4 13. exd4 f4 14. d5 Ne5 15. f3 exf3 16. Bxf3 Qb6+ 17. Kh1 Bf5 18. Na4 Qd8 19. Rc1 g5 20. Bxe5 dxe5 21. Be2 g4 22. d6 h5 23. c5 Ne4 24. Bc4+ Kh8 25. Kg1 Qh4 26. Bd5 g3 27. Nf3 gxh2+ 28. Nxh2 Ng3 29. Re1 e4 30. Rc4 Bg4 31. Qc2 f3 32. gxf3 Bxf3 33. Nc3 Qg5 34. Nxf3 Rxf3 35. Qg2 Bxc3 36. Bxe4 Nxe4 37. Qxg5 Nxg5 38. Re7 Bf6 39. Rxb7 Re8 40. Kg2 Re2+ 0-1

[Event "FRA-chT3 Gr8 0203"]
[Site "France"]
[Date "2003.03.16"]
[Round "7"]
[White "Sion, Philippe"]
[Black "Lievens, Fabrice"]
[Result "1-0"]
[WhiteElo "2050"]
[BlackElo "2060"]
[PlyCount "69"]
[EventDate "2002.10.??"]
[EventType "team"]
[EventRounds "9"]
[EventCountry "FRA"]
[SourceTitle "EXT 2005"]
[Source "ChessBase"]
[SourceDate "2004.11.15"]
[SourceVersion "1"]
[SourceVersionDate "2004.11.15"]
[SourceQuality "1"]

1. c4 e5 2. Nc3 Nc6 3. Nf3 g6 4. d4 exd4 5. Nd5 Bg7 6. Bg5 Nce7 7. Nxd4 c6 8. Nc3 Qa5 9. Be3 d5 10. Nb3 Qb4 11. Bd4 Bxd4 12. Qxd4 f6 13. e3 Nf5 14. Qc5 Qxc5 15. Nxc5 b6 16. Nb3 dxc4 17. Bxc4 Nd6 18. Be2 Bb7 19. 0-0 Nh6 20. Rfd1 Ke7 21. Rac1 Nhf7 22. Bf3 Ne5 23. Be2 Rac8 24. Nd4 Rhd8 25. b3 h5 26. h3 Rh8 27. f4 Nef7 28. Bf3 Nh6 29. Nce2 c5 30. Bxb7 Nxb7 31. Nb5 a6 32. Nbc3 Rc6 33. Nd5+ Ke6 34. e4 Rd8 35. Nd4+ 1-0

[Event "Avoine op 12th"]
[Site "Avoine"]
[Date "1997.??.??"]
[Round "1"]
[White "Sion, Philippe"]
[Black "Bertaud, Jean"]
[Result "1-0"]
[WhiteElo "2110"]
[BlackElo "1840"]
[PlyCount "59"]
[EventDate "1997.07.??"]
[EventType "swiss"]
[EventRounds "7"]
[EventCountry "FRA"]
[SourceTitle "EXT 1999"]
[Source "ChessBase"]
[SourceDate "1998.11.16"]
[SourceVersion "1"]
[SourceVersionDate "1998.11.16"]
[SourceQuality "1"]

1. c4 c5 2. Nc3 Nc6 3. g3 Nf6 4. Bg2 g6 5. d3 Bg7 6. e4 d6 7. Nge2 e5 8. 0-0 0-0 9. h3 Be6 10. f4 Qc8 11. g4 exf4 12. Nxf4 a6 13. Be3 Nd7 14. Qd2 Nde5 15. Ncd5 Qd8 16. g5 Bxd5 17. Nxd5 Nd7 18. Rf2 Nce5 19. Raf1 f6 20. gxf6 Bxf6 21. Nxf6+ Nxf6 22. Bg5 Ned7 23. e5 dxe5 24. Bxb7 Rb8 25. Bd5+ Kh8 26. Be6 Rb6 27. Bxd7 Qxd7 28. Bxf6+ Rfxf6 29. Rxf6 Qd4+ 30. Kg2 1-0

[Event "Avoine op 08th"]
[Site "Avoine"]
[Date "1993.??.??"]
[Round "?"]
[White "Sion, Philippe"]
[Black "Schwartzman, Gabriel"]
[Result "0-1"]
[WhiteElo "2050"]
[BlackElo "2480"]
[PlyCount "62"]
[EventDate "1993.07.??"]
[EventType "swiss"]
[EventRounds "9"]
[EventCountry "FRA"]
[SourceTitle "EXT 1999"]
[Source "ChessBase"]
[SourceDate "1998.11.16"]
[SourceVersion "1"]
[SourceVersionDate "1998.11.16"]
[SourceQuality "1"]

1. c4 Nf6 2. Nc3 e5 3. Nf3 Nc6 4. d4 exd4 5. Nxd4 Bb4 6. Bg5 h6 7. Bh4 Ne5 8. f4 Ng6 9. Bxf6 Qxf6 10. g3 0-0 11. Qd3 Re8 12. Bg2 d6 13. Rd1 a6 14. 0-0 Bxc3 15. bxc3 Rb8 16. Rb1 Nf8 17. e4 Nd7 18. Nb3 b6 19. a4 a5 20. c5 Nxc5 21. Nxc5 dxc5 22. e5 Bf5 23. Qf3 Qe6 24. Rbe1 Rbd8 25. Qb7 Re7 26. Rd1 Red7 27. Rxd7 Qxd7 28. Bf3 Bc2 29. Bc6 Qd3 30. Qxc7 Qe3+ 31. Kg2 Rd2+ 0-1